| 000 | 00362nam a22001577a 4500 | ||
|---|---|---|---|
| 003 | SGT | ||
| 020 | _a9789351298335 | ||
| 082 |
_a610.72 _bE18P |
||
| 100 | _aPOLIT, DENISE F. | ||
| 245 | _aESSENTIALS OF NURSING RESEARCH | ||
| 250 | _a9TH | ||
| 260 |
_aINDIA _bWOLTERS KLUWER PUB _c2018 |
||
| 300 | _a442 | ||
| 650 | _aNURSING RESEARCH | ||
| 942 |
_2ddc _cBK _013 |
||
| 999 |
_c21971 _d21971 |
||